|
|
|
แสดงรายละเอียดบรรณานุกรม |
|
|
Brief Record
: Get Marc (ISO 2709)
: E-mail record
: |
|
|
| LEADER 00000nam 2200000uu 4500 | |||
| 001 51507 | |||
| 003 ULIBM | |||
| 008 181113s||||||||th 000 0 tha d | |||
| 082 ^a540.76 | |||
| 100 ^aวีระชาติ สวนไพรินทร์ | |||
| 245 ^aคู่มือ-เตรียมสอบ เคมี เพิ่มเติม เล่ม 3 ม.4-6 | |||
| 260 ^aกรุงเทพฯ:ภูมิบัณฑิต,2554 | |||
| 300 ^a195 195 บาท | |||
| 650 ^aเคมี--ข้อสอบและเฉลย-เคมี--ข้อสอบและเฉลย | |||
| 999 ^aPARICHART NGANDEE | |||
| คุณยังไม่ได้ล็อกอิน คุณสามารถมีกิจกรรมร่วมกับเว็บไซต์ได้ แต่ต้องล็อกอินก่อน :: |
|
| สถานะ | |||||||||
| 1. | หนังสือ | 540.76 c.1 Barcode: 900679 | ►หนังสือทั่วไป | On Shelf ขอยืม | |||||
| 2. | หนังสือ | 540.76 c.2 Barcode: 900680 | ►หนังสือทั่วไป | On Shelf ขอยืม | |||||
| [แสดง 2/2 รายการ] | |||||||||

| รายการใกล้เคียง ชื่อเรื่อง [คู่มือ-เตรียมสอบ เคมี เพิ่มเติม เล่ม 3 ม.4-6] ผู้แต่ง [วีระชาติ สวนไพรินทร์]
หัวเรื่อง [เคมี--ข้อสอบและเฉลย-เคมี--ข้อสอบและเฉลย]
|
BibComment |
| คอมเมนท์ทรัพยากรรายการนี้ |
|
|
ห้องสมุดโรงเรียนสามัคคีวิทยาคม
159 ถ.บรรพปราการ ต.เวียง อ.เมือง จ.เชียงราย 57000
โทร. 053-711018 โทรสาร 053-713003